Restauració del claustre i de l'accés al campanar del monestir de Sant Sebastià dels Gorgs : Avinyonet del Penedès / [text d'aquesta edició: M. Rosa Escala ... [et. al.]] Avinyonet del Penedès / [text d'aquesta edició:
MARC
| LEADER | 00000nam a2200000Ia 4500 | ||
|---|---|---|---|
| 001 | 23480 | ||
| 008 | 160829s2012 xx 000 0 cat d | ||
| 080 | |a FU-61-47 | ||
| 245 | |a Restauració del claustre i de l'accés al campanar del monestir de Sant Sebastià dels Gorgs : |b Avinyonet del Penedès / [text d'aquesta edició: |b M. Rosa Escala ... [et. al.]] | ||
| 260 | |a Barcelona : |b Diputació de Barcelona. Àrea de Territori i Sostenibilitat. Servei de Patrimoni Arquitectònic local ; Avinyonet del Penedès : |b Ajuntament d'Avinyonet del Penedès, |c 2012 | ||
| 300 | |a 17 p. : |b il., fot. col., plànols ; |c 21 cm | ||
| 650 | |a Monestir de Sant Sebastià dels Gorgs |9 43683 | ||
| 650 | |a Campanars |x Avinyonet del Penedès |x Conservació i restauració |9 43684 | ||
| 650 | |a Monestirs |x Avinyonet del Penedès |x Conservació i restauració |9 43685 | ||
| 700 | |a Escala, Maria Rosa |9 43686 | ||
| 710 | |a Barcelona (Catalunya : Província). |b Servei de Patrimoni Arquitectònic Local |9 19202 | ||
| 710 | 1 | |a Avinyonet del Penedès (Catalunya). |b Ajuntament |9 51381 | |
| 901 | |a Arxiu | ||
| 942 | |n 1 | ||
| 952 | |0 0 |1 0 |4 0 |6 FU6147 |7 1 |9 51573 |a Arxiu |b Arxiu |d 2012-07-06 |l 0 |o FU-61-47 |p 23480 |r 2016-12-01 00:00:00 |w 2016-12-01 |y ARXIU | ||
| 999 | |c 55418 |d 55418 | ||